KOHA-Header-6

Sindh : Through The Centuries II (Record no. 9367)

000 -LEADER
fixed length control field 00265nam a2200109Ia 4500
100 ## - MAIN ENTRY--AUTHOR NAME
Personal name Ali Shaikh
245 #0 - TITLE STATEMENT
Title Sindh : Through The Centuries II
260 ## - PUBLICATION, DISTRIBUTION, ETC. (IMPRINT)
Place of publication Lahore
Name of publisher Mansoor Book
Year of publication 2002
300 ## - PHYSICAL DESCRIPTION
Number of Pages 672
942 ## - ADDED ENTRY ELEMENTS (KOHA)
Koha item type Books
Holdings
Withdrawn status Lost status Collection code Permanent Location Current Location Shelving location Date acquired Full call number Accession Number Koha item type
    English Literature MAJU MAJU Shelf No.A13 2019-09-14 658.8 5026 English Literature

Powered by Koha